Sanskrit informatics : (Record no. 56662)

MARC details
000 -LEADER
fixed length control field 01130nam a22002897a 4500
005 - DATE AND TIME OF LATEST TRANSACTION
control field 20110919100552.0
008 - FIXED-LENGTH DATA ELEMENTS--GENERAL INFORMATION
fixed length control field 110919t xxu||||| |||| 00| 0 eng d
010 ## - LCCN (DPL NO)
LC control number ENG-103704
020 ## - INTERNATIONAL STANDARD BOOK NUMBER
International Standard Book Number 9788192203003
Terms of availability 125.00
035 ## - SYSTEM CONTROL NUMBER
System control number EN-87237
037 ## - SOURCE OF ACQUISITION
Source of stock number/acquisition DBAD/PUB
040 ## - CATALOGING SOURCE
Original cataloging agency DPL
Language of cataloging Eng
082 ## - DEWEY DECIMAL CLASSIFICATION NUMBER
Classification number 006.3
100 ## - MAIN ENTRY--PERSONAL NAME
9 (RLIN) 34730
Personal name Raman Nair, R.
245 ## - TITLE STATEMENT
Title Sanskrit informatics :
Statement of responsibility, etc by R. Raman Nair [and] Sulochana Devi
Remainder of title informatics for Sanskrit studies and research /
260 ## - PUBLICATION, DISTRIBUTION, ETC. (IMPRINT)
Place of publication, distribution, etc Trivandrum
Name of publisher, distributor, etc Centre for Informatics Research and Development
Date of publication, distribution, etc 2011
270 ## - ADDRESS
Address Publications Division, A4, Ganga Nagar
City Trivandrum
Postal code 43
300 ## - PHYSICAL DESCRIPTION
Extent 152p. :
Dimensions 23cm (pbk)
Other physical details ill.
500 ## - GENERAL NOTE
General note Includes bibliographical references and index
650 ## - SUBJECT ADDED ENTRY--TOPICAL TERM
Topical term or geographic name as entry element Sanskrit
9 (RLIN) 34754
650 ## - SUBJECT ADDED ENTRY--TOPICAL TERM
Topical term or geographic name as entry element Informatics
9 (RLIN) 34755
650 ## - SUBJECT ADDED ENTRY--TOPICAL TERM
Topical term or geographic name as entry element Computers
9 (RLIN) 34756
650 ## - SUBJECT ADDED ENTRY--TOPICAL TERM
Topical term or geographic name as entry element Information technology
9 (RLIN) 34757
700 ## - ADDED ENTRY--PERSONAL NAME
9 (RLIN) 34731
Personal name Sulochana Devi, L.
942 ## - ADDED ENTRY ELEMENTS (KOHA)
Source of classification or shelving scheme Dewey Decimal Classification
Item type English Books
Call number suffix RAM
Classification part 006.3
Holdings
Withdrawn status Lost status Source of classification or shelving scheme Damaged status Not for loan Collection code Home library Current library Date acquired Source of acquisition Cost, normal purchase price Total Checkouts Full call number Barcode Date last seen Copy number Cost, replacement price Koha item type
    Dewey Decimal Classification   Not For Loan Non-fiction D.B.Act.Division D.B.Act.Division 19/09/2011 DBAD/PUB 125.00   006.3 RAM EN-87237 19/09/2011 1 125.00 English Books

© Delhi Public Library
Hit Counter
free hit counter